[Event "CAN-op U1800"]
[Site "Regina CAN"]
[Date "2019.07.15"]
[Round "6.37"]
[White "Chapman, James"]
[Black "Bolduc, Jacques"]
[Result "1-0"]
[WhiteElo "1668"]
[BlackElo "1410"]
[PlyCount "103"]
[EventDate "2019.07.12"]
[EventType "swiss"]
[EventRounds "9"]
[EventCountry "CAN"]

1. e4 c5 2. Nf3 Nc6 3. d4 cxd4 4. Nxd4 Nf6 5. Nc3 a6 6. f3 Nxd4 7. Qxd4 d6 8.
Be3 e5 9. Qd2 Be7 10. Bc4 O-O 11. O-O-O b5 12. Bd5 Nxd5 13. Nxd5 Be6 14. Nxe7+
Qxe7 15. Qxd6 Qf6 16. b3 Rfd8 17. Qa3 Rdc8 18. Rd6 a5 19. h4 a4 20. Qb2 axb3
21. axb3 Qe7 22. Rb6 Rxc2+ 23. Kxc2 Rc8+ 24. Kb1 Qa7 25. Re1 Qa5 26. Re2 h6 27.
h5 Rc3 28. Rb8+ Kh7 29. b4 Qc7 30. Rb7 Qc4 31. Rc2 Rxc2 32. Qxc2 Qxb4+ 33. Qb2
Qa4 34. Rxb5 Qd1+ 35. Bc1 Qa4 36. Rxe5 Bc4 37. Qa3 Qc6 38. Rc5 Qb6+ 39. Bb2 Be6
40. Qc3 f6 41. Rc6 Qb8 42. Qc1 Ba2+ 43. Kxa2 Qa7+ 44. Kb1 Qa4 45. Rc7 Qb5 46.
Rc5 Qd3+ 47. Qc2 Qf1+ 48. Ka2 Qa6+ 49. Ba3 Qe6+ 50. Rd5 f5 51. Qd3 f4 52. e5+
1-0

[Event "CAN-op U1800"]
[Site "Regina CAN"]
[Date "2019.07.15"]
[Round "6.39"]
[White "Kreuger, Stephen"]
[Black "Li, Alan"]
[Result "1-0"]
[WhiteElo "1580"]
[BlackElo "1272"]
[PlyCount "51"]
[EventDate "2019.07.12"]
[EventType "swiss"]
[EventRounds "9"]
[EventCountry "CAN"]

1. e4 c5 2. Nf3 d6 3. d4 cxd4 4. Nxd4 Nf6 5. Nc3 a6 6. f4 Bg4 7. Be2 Bxe2 8.
Qxe2 e5 9. Nb3 Nc6 10. Be3 b5 11. a3 Be7 12. g4 h6 13. Nd5 Rb8 14. Nxe7 Nxe7
15. Qf3 Qc8 16. O-O-O Qxg4 17. Qf1 Qe6 18. f5 Qd7 19. Qg2 Rg8 20. Bc5 Nc8 21.
Rd3 Qc6 22. Rhd1 Qxe4 23. Qd2 Qxf5 24. Rxd6 Nd7 25. Rxd7 f6 26. Qd5 1-0

[Event "CAN-op U1800"]
[Site "Regina CAN"]
[Date "2019.07.15"]
[Round "6.40"]
[White "Menesses, Ryan"]
[Black "Li, Andrew"]
[Result "1-0"]
[WhiteElo "1280"]
[BlackElo "1669"]
[PlyCount "116"]
[EventDate "2019.07.12"]
[EventType "swiss"]
[EventRounds "9"]
[EventCountry "CAN"]

1. c4 e5 2. g3 c6 3. d4 Nf6 4. dxe5 Qa5+ 5. Nc3 Qxe5 6. Nf3 Qe6 7. Bg2 Qxc4 8.
O-O Bb4 9. Ne5 Qe6 10. Bf4 Bxc3 11. bxc3 g5 12. Nxf7 Kxf7 13. Bxg5 Qe5 14. Bf4
Qxc3 15. Rc1 Qb4 16. Bd6 Qg4 17. Bf3 Qe6 18. Rc5 Re8 19. Qd3 b6 20. Bh5+ Nxh5
21. Rxh5 Qe4 22. Qb3+ Re6 23. Rd1 Ba6 24. Re5 Bc4 25. Rxe4 Bxb3 26. Rf4+ Rf6
27. axb3 Rxf4 28. Bxf4 d5 29. e4 Na6 30. exd5 Rd8 31. d6 Nc5 32. b4 Ne6 33. Be5
Ng5 34. Kg2 Ke6 35. f4 Nf7 36. Rc1 Nxe5 37. fxe5 Kxe5 38. Rxc6 Rd7 39. b5 Ke6
40. g4 Rxd6 41. Rc7 Rd7 42. Rxd7 Kxd7 43. h4 Ke6 44. Kf3 Kf6 45. Kf4 h6 46. g5+
hxg5+ 47. hxg5+ Ke7 48. Kf5 Kd6 49. Kf6 Kc5 50. g6 Kxb5 51. g7 a5 52. g8=Q a4
53. Qe8+ Kb4 54. Qe7+ Ka5 55. Qa3 b5 56. Qc3+ Kb6 57. Qb4 Kc6 58. Ke6 Kb6 1-0

[Event "CAN-op U1800"]
[Site "Regina CAN"]
[Date "2019.07.15"]
[Round "6.41"]
[White "Maheux, Pierre"]
[Black "Li, Anthony Zongyue"]
[Result "1-0"]
[WhiteElo "1665"]
[BlackElo "847"]
[PlyCount "65"]
[EventDate "2019.07.12"]
[EventType "swiss"]
[EventRounds "9"]
[EventCountry "CAN"]

1. e4 e5 2. d4 exd4 3. c3 dxc3 4. Bc4 Nf6 5. e5 Ne4 6. Qe2 Bb4 7. Kf1 Nc5 8.
bxc3 Ba5 9. Qg4 Ne6 10. Ba3 b6 11. f4 Bb7 12. h4 h5 13. Qg3 g6 14. Nh3 Na6 15.
Nd2 Nac5 16. Nf2 Na4 17. Nde4 c5 18. Nd6+ Kf8 19. Nxb7 Qc7 20. Nxa5 bxa5 21.
Bb5 Nb6 22. Ne4 Nd5 23. Rd1 Ndxf4 24. Nxc5 Nxc5 25. Qxf4 a6 26. Rxd7 Qxd7 27.
Bxc5+ Kg8 28. Bxd7 Rd8 29. e6 fxe6 30. Bxe6+ Kg7 31. Qf7+ Kh6 32. Be3+ g5 33.
hxg5# 1-0

[Event "CAN-op U1800"]
[Site "Regina CAN"]
[Date "2019.07.15"]
[Round "6.42"]
[White "Li, Avery"]
[Black "Myrzaibraimova, Aibike"]
[Result "0-1"]
[WhiteElo "1365"]
[BlackElo "1581"]
[PlyCount "56"]
[EventDate "2019.07.12"]
[EventType "swiss"]
[EventRounds "9"]
[EventCountry "CAN"]

1. d4 Nf6 2. Nf3 e6 3. c4 d5 4. Nc3 Be7 5. Bf4 b6 6. h3 Bb7 7. e3 Nbd7 8. Bd3
dxc4 9. Bxc4 O-O 10. O-O c5 11. Bb3 Rc8 12. Rc1 Re8 13. Nb5 a6 14. Nd6 Bxd6 15.
Bxd6 cxd4 16. Nxd4 Ne4 17. Bh2 Qg5 18. Nf3 Rxc1 19. Qxc1 Qa5 20. Qb1 Ndf6 21.
Rd1 Ng5 22. Nd4 Nxh3+ 23. gxh3 Qg5+ 24. Bg3 h5 25. h4 Qg4 26. Kh2 e5 27. Nf5
Qf3 28. Rg1 Ng4+ 0-1

[Event "CAN-op U1800"]
[Site "Regina CAN"]
[Date "2019.07.15"]
[Round "6.43"]
[White "Donovan, Ryan"]
[Black "Myrzaibraimova, Alia"]
[Result "1-0"]
[WhiteElo "1547"]
[BlackElo "1208"]
[PlyCount "99"]
[EventDate "2019.07.12"]
[EventType "swiss"]
[EventRounds "9"]
[EventCountry "CAN"]

1. d4 d5 2. c4 c6 3. Nc3 Nf6 4. Nf3 Bf5 5. Bf4 e6 6. e3 Bb4 7. Bd3 Bg4 8. O-O
O-O 9. cxd5 cxd5 10. Rc1 Qa5 11. a3 Bxc3 12. Rxc3 Nc6 13. b4 Qd8 14. h3 Bh5 15.
Re1 Ne4 16. Rc1 Re8 17. Be2 b6 18. Rxc6 Rc8 19. Qc2 Rxc6 20. Qxc6 Qc8 21. Rc1
Qxc6 22. Rxc6 g5 23. Bg3 f5 24. Kf1 Nxg3+ 25. fxg3 g4 26. Ne5 gxh3 27. gxh3
Bxe2+ 28. Kxe2 Kg7 29. Rc7+ Kf6 30. h4 Re7 31. Rxe7 Kxe7 32. Nc6+ Kf6 33. Nxa7
Kg6 34. Kf3 h5 35. a4 Kf7 36. Kf4 Ke7 37. Ke5 Kd7 38. Nb5 Ke7 39. a5 bxa5 40.
bxa5 Kd7 41. a6 Kc6 42. a7 Kb7 43. Kxe6 Ka8 44. Kxd5 f4 45. exf4 Kb7 46. f5 Kc8
47. a8=Q+ Kd7 48. Qb7+ Ke8 49. Ke6 Kf8 50. Qf7# 1-0

[Event "CAN-op U1800"]
[Site "Regina CAN"]
[Date "2019.07.15"]
[Round "6.44"]
[White "Ratte, Daniel"]
[Black "Gao, Sean"]
[Result "1-0"]
[WhiteElo "1212"]
[BlackElo "807"]
[PlyCount "50"]
[EventDate "2019.07.12"]
[EventType "swiss"]
[EventRounds "9"]
[EventCountry "CAN"]

1. e4 e5 2. Nf3 Nc6 3. d4 exd4 4. Nxd4 Bc5 5. Be3 Nf6 6. Nxc6 bxc6 7. Bxc5 Nxe4
8. Ba3 d6 9. Bd3 Bf5 10. Qf3 Bg6 11. Bxe4 Qe7 12. Nc3 f5 13. O-O fxe4 14. Qg3
O-O 15. Rae1 Rae8 16. Nxe4 Bxe4 17. f3 Qd8 18. fxe4 Rxf1+ 19. Rxf1 Rxe4 20. b3
Re7 21. Bb2 Qb8 22. h3 Qb6+ 23. Kh2 Qa6 24. Re1 Rd7 25. Re8+ Kf7 {...} 1-0

[Event "CAN-op U1800"]
[Site "Regina CAN"]
[Date "2019.07.15"]
[Round "6.45"]
[White "Sorgard, William"]
[Black "Huang, Winston"]
[Result "0-1"]
[WhiteElo "845"]
[BlackElo "1065"]
[PlyCount "46"]
[EventDate "2019.07.12"]
[EventType "swiss"]
[EventRounds "9"]
[EventCountry "CAN"]

1. e4 e5 2. Nf3 Nc6 3. Bc4 Bc5 4. O-O Nf6 5. Nc3 O-O 6. d3 h6 7. Nd5 Nxd5 8.
Bxd5 d6 9. h3 Qf6 10. b3 Qg6 11. Nh4 Qg3 12. Nf5 Bxf5 13. exf5 Qh4 14. c3 Rfe8
15. b4 Bb6 16. Re1 Bxf2+ 17. Kh1 Bxe1 18. Qb3 Re7 19. Bb2 Bg3 20. Rd1 Bf4 21.
d4 exd4 22. cxd4 Qe1+ 23. Rxe1 Rxe1# 0-1

[Event "CAN-op U1800"]
[Site "Regina CAN"]
[Date "2019.07.15"]
[Round "6.46"]
[White "Trinh, Khoi"]
[Black "Jiang, William"]
[Result "0-1"]
[WhiteElo "994"]
[BlackElo "979"]
[PlyCount "88"]
[EventDate "2019.07.12"]
[EventType "swiss"]
[EventRounds "9"]
[EventCountry "CAN"]

1. d4 d5 2. c4 c6 3. Nc3 dxc4 4. e4 b5 5. a3 Nf6 6. e5 Nd5 7. Ne4 Bf5 8. Ng3
Bg6 9. Nf3 e6 10. Be2 Qa5+ 11. Bd2 Qc7 12. O-O Nd7 13. a4 N7b6 14. a5 Nd7 15.
h4 h5 16. Ng5 c5 17. Nf3 cxd4 18. Nxd4 Qxe5 19. Nxb5 Qxb2 20. Bxc4 N7f6 21. Ra2
Qe5 22. Re1 Qb8 23. Qf3 Be7 24. Bg5 O-O 25. Rae2 a6 26. Nd4 Bb4 27. Nc6 Qb7 28.
Nxb4 Qxb4 29. Bxd5 Nxd5 30. Ra1 Nc3 31. Bd2 Nxe2+ 32. Qxe2 Qb2 33. Re1 Rfc8 34.
Be3 Qa3 35. Bb6 Rc2 36. Qe5 Rc1 37. Rxc1 Qxc1+ 38. Nf1 Bd3 39. Qxh5 Bxf1 40.
Kh2 Qf4+ 41. g3 Qe4 42. f3 Qe2+ 43. Bf2 Qxf2+ 44. Kh1 Qg2# 0-1

[Event "CAN-op U1800"]
[Site "Regina CAN"]
[Date "2019.07.15"]
[Round "6.47"]
[White "Richardson, Daniel"]
[Black "Dusaran, Fernando"]
[Result "1-0"]
[WhiteElo "1126"]
[BlackElo "1265"]
[PlyCount "73"]
[EventDate "2019.07.12"]
[EventType "swiss"]
[EventRounds "9"]
[EventCountry "CAN"]

1. e4 e6 2. d4 d5 3. exd5 exd5 4. Nf3 Nf6 5. Bg5 Be7 6. Bd3 Bg4 7. O-O O-O 8.
Re1 Nbd7 9. c3 h6 10. Bh4 Ne4 11. Bxe7 Qxe7 12. Nbd2 f5 13. Qc2 Qf6 14. Ne5
Nxe5 15. dxe5 Qxe5 16. f3 Bh5 17. fxe4 dxe4 18. Be2 Bf7 19. Kh1 Kh8 20. Rad1 g5
21. Nc4 Qe6 22. Qa4 Be8 23. Qb4 Bc6 24. Na5 a6 25. Nxc6 Qxc6 26. Qc4 Qxc4 27.
Bxc4 Rae8 28. Rd7 b5 29. Bd5 e3 30. Rf7 Rxf7 31. Bxf7 Re7 32. Bg6 Re5 33. g3
Kg7 34. Bh5 Kf6 35. h3 a5 36. Kg2 c5 37. Kf3 1-0

[Event "CAN-op U1800"]
[Site "Regina CAN"]
[Date "2019.07.15"]
[Round "6.48"]
[White "Mayol, John"]
[Black "Gran, Chris"]
[Result "1-0"]
[WhiteElo "1716"]
[BlackElo "1158"]
[PlyCount "32"]
[EventDate "2019.07.12"]
[EventType "swiss"]
[EventRounds "9"]
[EventCountry "CAN"]

1. e4 e5 2. Nc3 Nf6 3. Nf3 Nc6 4. Bb5 Bc5 5. O-O O-O 6. d3 d6 7. Bg5 Be6 8. a3
a6 9. Bxc6 bxc6 10. Ne2 Qd7 11. Bxf6 gxf6 12. b4 Bb6 13. Qd2 Bg4 14. Nh4 Kh8
15. Qh6 Bxe2 16. Qxf6+ Kg8 1-0

[Event "CAN-op U1800"]
[Site "Regina CAN"]
[Date "2019.07.15"]
[Round "6.49"]
[White "Chen, Helen"]
[Black "Zhou, Felix Tian"]
[Result "0-1"]
[WhiteElo "1512"]
[BlackElo "766"]
[PlyCount "66"]
[EventDate "2019.07.12"]
[EventType "swiss"]
[EventRounds "9"]
[EventCountry "CAN"]

1. e4 c5 2. Nf3 Nc6 3. d4 cxd4 4. Nxd4 Nf6 5. Nc3 e5 6. Ndb5 d6 7. Bg5 Be6 8.
Be2 a6 9. Na3 Be7 10. Nd5 Bxd5 11. exd5 Qa5+ 12. c3 Nxd5 13. Bxe7 Ncxe7 14. O-O
O-O 15. c4 Nf4 16. Bf3 Qb6 17. b3 Rad8 18. Nc2 d5 19. g3 Nh3+ 20. Kg2 dxc4 21.
Qc1 cxb3 22. axb3 Qxb3 23. Rb1 Qe6 24. Rxb7 e4 25. Be2 h6 26. Qa3 Nd5 27. Qxa6
Rd6 28. Qc4 Ng5 29. Nd4 Qh3+ 30. Kg1 Nf6 31. Nb5 Nf3+ 32. Bxf3 exf3 33. Qh4
Qg2# 0-1

[Event "CAN-op U1800"]
[Site "Regina CAN"]
[Date "2019.07.15"]
[Round "6.50"]
[White "Sorgard, Abigail"]
[Black "Tran, Tri"]
[Result "1-0"]
[WhiteElo "744"]
[BlackElo "978"]
[PlyCount "65"]
[EventDate "2019.07.12"]
[EventType "swiss"]
[EventRounds "9"]
[EventCountry "CAN"]

1. e4 e6 2. d4 d5 3. Nc3 c5 4. Nf3 Nc6 5. Be3 Qb6 6. Rb1 Nf6 7. Bd3 Be7 8. O-O
O-O 9. Na4 Qa5 10. Nxc5 Bxc5 11. dxc5 dxe4 12. Bd2 Qxc5 13. b4 Qd6 14. b5 Ne7
15. Bg5 exd3 16. Bxf6 gxf6 17. Rb3 e5 18. Rxd3 Qc7 19. Ne1 Kh8 20. Qf3 Bf5 21.
Rc3 Qd7 22. Qh5 Rac8 23. Rf3 Bg4 24. Qh4 Bxf3 25. Nxf3 Qe6 26. Re1 Rxc2 27. Nd4
Qxa2 28. Qxf6+ Kg8 29. Qxe7 a5 30. h4 a4 31. Re3 Qb1+ 32. Kh2 Ra8 33. Rg3+ 1-0

[Event "CAN-op U1800"]
[Site "Regina CAN"]
[Date "2019.07.16"]
[Round "7.31"]
[White "Steer, David"]
[Black "Gu, Stephanie"]
[Result "1-0"]
[WhiteElo "1766"]
[BlackElo "1599"]
[PlyCount "121"]
[EventDate "2019.07.12"]
[EventType "swiss"]
[EventRounds "9"]
[EventCountry "CAN"]

1. e4 c5 2. Nf3 e6 3. d4 cxd4 4. Nxd4 a6 5. c4 Nf6 6. Nc3 Qc7 7. Bd3 d6 8. O-O
Nbd7 9. Qe2 Be7 10. Bd2 b6 11. Rac1 Bb7 12. Rfe1 O-O 13. Bb1 Rac8 14. b3 Rfe8
15. f4 Nf8 16. f5 e5 17. Nf3 N6d7 18. g4 h6 19. h4 Nh7 20. g5 h5 21. Qg2 g6 22.
f6 Bd8 23. Be3 Nc5 24. Nd5 Bxd5 25. exd5 a5 26. Nd2 Nf8 27. a3 Ra8 28. Bc2 Qb7
29. b4 Ncd7 30. Ne4 Bc7 31. Ba4 Qc8 32. Bc6 Rb8 33. Qf2 Rd8 34. Re2 Qa6 35. Ra2
Rbc8 36. Rcc2 Nb8 37. b5 Qa7 38. a4 Nbd7 39. Qe2 Nc5 40. Bxc5 bxc5 41. Rc3 Bb6
42. Rg3 Qc7 43. Rd2 Rb8 44. Rg2 Qc8 45. Qf3 Bc7 46. Rdf2 Bb6 47. Qe2 Nh7 48.
Kh2 Nf8 49. Ng3 Qg4 50. Qxg4 hxg4 51. Ne4 Bc7 52. Kg3 Nd7 53. Bxd7 Rxd7 54.
Kxg4 Kh7 55. Rh2 Rh8 56. h5 Rdd8 57. Rh3 gxh5+ 58. Rxh5+ Kg6 59. Rfh2 Rxh5 60.
Rxh5 Re8 61. Rh6# 1-0

[Event "CAN-op U1800"]
[Site "Regina CAN"]
[Date "2019.07.16"]
[Round "7.32"]
[White "Tcherni, Avram"]
[Black "Sullivan, Brian"]
[Result "1-0"]
[WhiteElo "1637"]
[BlackElo "1381"]
[PlyCount "109"]
[EventDate "2019.07.12"]
[EventType "swiss"]
[EventRounds "9"]
[EventCountry "CAN"]

1. e4 g6 2. Nf3 Bg7 3. Bc4 d6 4. Nc3 Nf6 5. h3 O-O 6. O-O Nc6 7. d3 Na5 8. Bb3
a6 9. Bd2 Nxb3 10. axb3 b5 11. Nxb5 Bb7 12. Na3 c5 13. b4 Nd7 14. Qc1 cxb4 15.
Bxb4 d5 16. exd5 Bxd5 17. Re1 Re8 18. Nd2 e5 19. c4 Rc8 20. Nc2 Bb7 21. Ne4
Bxe4 22. Rxe4 f5 23. Re1 Qf6 24. Ne3 Qc6 25. Nd5 Bf6 26. Nxf6+ Qxf6 27. c5 Rc6
28. Qc4+ Qe6 29. Qxe6+ Rexe6 30. Ra5 Kf7 31. Ba3 Nf6 32. b4 Nd5 33. g3 g5 34.
f3 h5 35. Kf2 f4 36. g4 h4 37. Re4 Nc3 38. Rc4 Nd5 39. Ke2 Re7 40. Bb2 Nf6 41.
Rc1 Ke6 42. Rca1 Ra7 43. d4 exd4 44. Bxd4 Kd5 45. b5 axb5 46. Rxa7 Kxd4 47. Rc1
Rxc5 48. Rxc5 Kxc5 49. Rg7 b4 50. Kd3 Kb5 51. Rxg5+ Ka4 52. Kc4 Ne8 53. Rd5 b3
54. Rd3 Ka3 55. Rxb3+ 1-0

[Event "CAN-op U1800"]
[Site "Regina CAN"]
[Date "2019.07.16"]
[Round "7.33"]
[White "Faust, Steven"]
[Black "He, Matthew"]
[Result "0-1"]
[WhiteElo "1677"]
[BlackElo "1161"]
[PlyCount "114"]
[EventDate "2019.07.12"]
[EventType "swiss"]
[EventRounds "9"]
[EventCountry "CAN"]

1. c4 c6 2. Nf3 Nf6 3. Nc3 d5 4. e3 Bg4 5. d4 e6 6. Qb3 Qc7 7. Be2 dxc4 8. Qxc4
Nbd7 9. h3 Bxf3 10. Bxf3 Be7 11. Bd2 Nb6 12. Qb3 Nfd5 13. Nxd5 exd5 14. Rc1 Nc4
15. Bb4 Qb6 16. Bxe7 Kxe7 17. Qxb6 axb6 18. b3 Nd6 19. Rc2 Ra5 20. Kd2 Rha8 21.
Ra1 Ra3 22. Rb2 b5 23. g3 b4 24. Bg2 f5 25. f3 Nb5 26. Bf1 Nc3 27. Bd3 g6 28.
Bb1 Nxb1+ 29. Raxb1 Rxa2 30. Kc2 Ra1 31. g4 fxg4 32. hxg4 R8a2 33. Rxa1 Rxa1
34. Kd3 Rf1 35. Rh2 Rxf3 36. Rxh7+ Rf7 37. Rh8 Kf6 38. e4 dxe4+ 39. Kxe4 Kg5
40. Rg8 Rh7 41. Ke5 Rh3 42. Rg7 Rxb3 43. Rxb7 Rb1 44. Rc7 b3 45. Rxc6 b2 46.
Kd6 Rc1 47. Rb6 b1=Q 48. Rxb1 Rxb1 49. d5 Rd1 50. Ke5 Kxg4 51. d6 Rxd6 52. Kxd6
Kf4 53. Kd5 g5 54. Kd4 g4 55. Kd3 Kf3 56. Kd2 g3 57. Ke1 g2 0-1

[Event "CAN-op U1800"]
[Site "Regina CAN"]
[Date "2019.07.16"]
[Round "7.34"]
[White "Skop, Mike"]
[Black "Latorre, Spiro"]
[Result "1/2-1/2"]
[WhiteElo "1660"]
[BlackElo "1758"]
[PlyCount "71"]
[EventDate "2019.07.12"]
[EventType "swiss"]
[EventRounds "9"]
[EventCountry "CAN"]

1. f3 Nf6 2. Nh3 e6 3. c3 Bc5 4. d4 Bb6 5. Na3 d5 6. Bg5 h6 7. Bh4 Qe7 8. Nf2
Nbd7 9. e3 a6 10. h3 Qd6 11. Nd3 c5 12. b4 cxd4 13. exd4 Nh5 14. Qd2 Ng3 15.
Bxg3 Qxg3+ 16. Qf2 Qd6 17. Nc2 O-O 18. Be2 e5 19. Qg3 Qc6 20. Nc5 Nxc5 21. bxc5
Ba5 22. Nb4 Bxb4 23. cxb4 exd4 24. Qf4 Re8 25. Kf2 a5 26. Qxd4 axb4 27. Qxb4
Ra4 28. Qb5 Bd7 29. Qxc6 Bxc6 30. Rhb1 Rea8 31. Rb2 Ra3 32. Rc2 Bd7 33. g4 f5
34. Rd1 Bc6 35. Rdd2 fxg4 36. hxg4 {...} 1/2-1/2

[Event "CAN-op U1800"]
[Site "Regina CAN"]
[Date "2019.07.16"]
[Round "7.35"]
[White "Myrzaibraimov, Azamat"]
[Black "Chapman, James"]
[Result "0-1"]
[WhiteElo "1604"]
[BlackElo "1668"]
[PlyCount "172"]
[EventDate "2019.07.12"]
[EventType "swiss"]
[EventRounds "9"]
[EventCountry "CAN"]

1. c4 g6 2. d4 Bg7 3. Nf3 d6 4. e4 Bg4 5. Be2 Nc6 6. Qa4 Qd7 7. Be3 Bxf3 8.
Bxf3 Nxd4 9. Qxd7+ Kxd7 10. Bxd4 Bxd4 11. Nc3 e6 12. Na4 Ne7 13. Rd1 Nc6 14. c5
b5 15. Nc3 Rab8 16. cxd6 cxd6 17. Rd2 Bxc3 18. bxc3 Ne5 19. Be2 Rhc8 20. Rc2
Ke7 21. O-O Rc5 22. Rb1 b4 23. a3 Nc6 24. axb4 Rxb4 25. Rxb4 Nxb4 26. Rb2 Nc6
27. Rb7+ Kf6 28. c4 a5 29. Rb6 Ne5 30. Rxd6 Nxc4 31. Bxc4 Rxc4 32. f3 a4 33.
Rd3 Rb4 34. Ra3 Ke5 35. Kf2 Rb2+ 36. Kg3 Rb4 37. Kf2 Kd4 38. g4 Kc4 39. Kg3 Kb5
40. Kf2 Rb2+ 41. Kg3 Rb3 42. Ra2 a3 43. Rd2 Kc6 44. Rc2+ Kd6 45. Ra2 Ke5 46. h4
h6 47. Rc2 Rb2 48. Rc5+ Kd6 49. Ra5 a2 50. e5+ Ke7 51. Ra7+ Kf8 52. Kf4 Rh2 53.
Kg3 Re2 54. Kf4 Kg7 55. Kg3 g5 56. h5 Kf8 57. f4 gxf4+ 58. Kxf4 Rf2+ 59. Ke3
Rh2 60. Kf3 Ke8 61. Kg3 Re2 62. Kf4 Kf8 63. Kf3 Rh2 64. Kg3 Rb2 65. Kf4 Kg7 66.
Ra3 Re2 67. Ra5 Rg2 68. Ra3 Rb2 69. Ra5 Rc2 70. Ra3 Rc4+ 71. Kf3 Rc3+ 72. Rxc3
a1=Q 73. Re3 Qf1+ 74. Kg3 Qg1+ 75. Kf3 f5 76. exf6+ Kxf6 77. Re2 e5 78. Rf2 Kg5
79. Rg2 e4+ 80. Kg3 Qe3+ 81. Kh2 Qf4+ 82. Kh3 e3 83. Rg3 e2 84. Rd3 Qxg4+ 85.
Kh2 Qxh5+ 86. Kg2 e1=N+ 0-1

[Event "CAN-op U1800"]
[Site "Regina CAN"]
[Date "2019.07.16"]
[Round "7.36"]
[White "Collins, Jacob"]
[Black "Kreuger, Stephen"]
[Result "1-0"]
[WhiteElo "1710"]
[BlackElo "1580"]
[PlyCount "73"]
[EventDate "2019.07.12"]
[EventType "swiss"]
[EventRounds "9"]
[EventCountry "CAN"]

1. d4 Nf6 2. Bf4 d5 3. e3 c5 4. c3 cxd4 5. exd4 Bf5 6. Qb3 Qc8 7. Nf3 Nc6 8.
Bb5 a6 9. Bxc6+ Qxc6 10. Ne5 Qc8 11. Nd2 b5 12. a4 b4 13. cxb4 Bc2 14. Qc3 e6
15. O-O Qxc3 16. bxc3 Rc8 17. Rfc1 Nh5 18. Rxc2 Nxf4 19. Rb1 Ne2+ 20. Kf1 Nxd4
21. Rcb2 Rxc3 22. b5 a5 23. Nb3 f6 24. Nxd4 fxe5 25. Nxe6 Bb4 26. Nxg7+ Kf7 27.
Nf5 d4 28. Ng3 d3 29. Ne4 Rc2 30. f3 Rg8 31. Nf2 Rxb2 32. Rxb2 d2 33. Rb1 Ke6
34. Rd1 Kd5 35. Ne4 Ke6 36. Nxd2 Rd8 37. Ke2 {time} 1-0

[Event "CAN-op U1800"]
[Site "Regina CAN"]
[Date "2019.07.16"]
[Round "7.37"]
[White "Thomson, Bruce"]
[Black "Maheux, Pierre"]
[Result "0-1"]
[WhiteElo "1405"]
[BlackElo "1665"]
[PlyCount "80"]
[EventDate "2019.07.12"]
[EventType "swiss"]
[EventRounds "9"]
[EventCountry "CAN"]

1. d4 c5 2. Nf3 cxd4 3. Nxd4 e5 4. Nf3 e4 5. Nd4 d5 6. Nc3 Nc6 7. a3 f5 8. g3
Nf6 9. Bh3 g6 10. e3 Bg7 11. Nce2 O-O 12. O-O Ng4 13. c3 Nge5 14. Bg2 g5 15.
Nxc6 bxc6 16. Nd4 g4 17. Ne2 Ba6 18. Nf4 Qd6 19. Re1 Rf6 20. Qa4 Bb5 21. Qb4
Qd7 22. a4 a5 23. Qb3 Bc4 24. Qc2 Rh6 25. b3 Ba6 26. Rd1 Nf3+ 27. Bxf3 gxf3 28.
Bb2 Be5 29. c4 d4 30. exd4 Bxf4 31. Bc1 Bxc1 32. Qxc1 Qg7 33. Qf4 Rf8 34. Rac1
Rh3 35. d5 Bc8 36. dxc6 Qg6 37. c7 Qh5 38. Rd8 Rxh2 39. Rxf8+ Kxf8 40. Qd6+ Kf7
0-1

[Event "CAN-op U1800"]
[Site "Regina CAN"]
[Date "2019.07.16"]
[Round "7.38"]
[White "Aripuddin, Allan"]
[Black "Menesses, Ryan"]
[Result "0-1"]
[WhiteElo "1594"]
[BlackElo "1280"]
[PlyCount "136"]
[EventDate "2019.07.12"]
[EventType "swiss"]
[EventRounds "9"]
[EventCountry "CAN"]

1. d4 Nf6 2. Bf4 e6 3. e3 d5 4. c3 Bd6 5. Bg3 Ne4 6. Nd2 Nxg3 7. hxg3 Nd7 8.
Qc2 h6 9. Ngf3 c5 10. Be2 b6 11. g4 Be7 12. Bb5 a6 13. Bc6 Rb8 14. Ne5 Bd6 15.
Ndf3 Bxe5 16. Nxe5 Ke7 17. Bxd7 Bb7 18. dxc5 Qc7 19. f4 Qxc5 20. Qd3 f6 21. b4
Qc7 22. Ng6+ Kxd7 23. Nxh8 Rxh8 24. Rc1 b5 25. Kf2 Rc8 26. Rhe1 Qc4 27. Qxc4
Rxc4 28. Kg3 Ke7 29. Kf2 e5 30. g3 e4 31. g5 f5 32. gxh6 gxh6 33. Rh1 Rc6 34.
Ke2 Kf7 35. Kd2 Rg6 36. Rh3 Kg7 37. Rg1 Bc8 38. Kc2 Bd7 39. Rd1 Bc6 40. Rg1 Bd7
41. Rh2 Bc8 42. Rd2 Rd6 43. a4 Bd7 44. axb5 Bxb5 45. Rdd1 Ba4+ 46. Kb2 Bxd1 47.
Rxd1 Rg6 48. Rxd5 Rxg3 49. Rd7+ Kf8 50. c4 Rxe3 51. Rd5 Re2+ 52. Kc1 e3 53.
Rxf5+ Ke7 54. Re5+ Kf6 55. c5 Rf2 56. c6 Rxf4 57. Rc5 Rf1+ 58. Kb2 e2 59. c7
e1=Q 60. c8=Q Qxb4+ 61. Kc2 Rf2+ 62. Kd3 Qd2+ 63. Kc4 Rf4+ 64. Kb3 Qb4+ 65. Kc2
Qa4+ 66. Kd3 Qd4+ 67. Kc2 Rf2+ 68. Kb3 Rb2+ 0-1

[Event "CAN-op U1800"]
[Site "Regina CAN"]
[Date "2019.07.16"]
[Round "7.40"]
[White "Huang, Winston"]
[Black "Donovan, Ryan"]
[Result "0-1"]
[WhiteElo "1065"]
[BlackElo "1547"]
[PlyCount "136"]
[EventDate "2019.07.12"]
[EventType "swiss"]
[EventRounds "9"]
[EventCountry "CAN"]

1. d4 d5 2. c4 e6 3. Nc3 c6 4. Bf4 Nf6 5. e3 Nbd7 6. Nf3 Be7 7. Bd3 dxc4 8.
Bxc4 O-O 9. O-O b5 10. Bb3 Bb7 11. Re1 a6 12. Bc2 c5 13. Ne5 cxd4 14. Nxd7 Qxd7
15. exd4 Rac8 16. Qd3 Qc6 17. f3 b4 18. Be5 g6 19. Ne4 Nxe4 20. Qxe4 Qxe4 21.
Bxe4 Bxe4 22. fxe4 f6 23. Bg3 Rc2 24. b3 Rd8 25. d5 exd5 26. exd5 Bc5+ 27. Kf1
Rxd5 28. Rec1 Rf5+ 29. Ke1 Bf2+ 30. Bxf2 Rfxf2 31. Rxc2 Rxc2 32. Kf1 a5 33. a3
Rb2 34. axb4 axb4 35. Ra8+ Kg7 36. Ra7+ Kh6 37. g4 Rxb3 38. Ra6 Kg5 39. Kg2
Kxg4 40. Rxf6 Rb2+ 41. Kh1 Rd2 42. Rb6 Kh3 43. Kg1 Rxh2 44. Rxb4 Rg2+ 45. Kf1
h5 46. Rb6 g5 47. Rb5 h4 48. Rf5 g4 49. Rb5 g3 50. Rb4 Ra2 51. Rc4 g2+ 52. Kg1
Ra1+ 53. Kf2 g1=Q+ 54. Kf3 Rf1+ 55. Ke2 Qf2+ 56. Kd3 Rd1+ 57. Kc3 Rc1+ 58. Kd3
Rxc4 59. Kxc4 Qd2 60. Kb3 Kg3 61. Ka3 Kf4 62. Kb3 Ke3 63. Ka3 Qc2 64. Kb4 Kd4
65. Ka3 Qb1 66. Ka4 Kc3 67. Ka5 Kc4 68. Ka4 Qa1# 0-1

[Event "CAN-op U1800"]
[Site "Regina CAN"]
[Date "2019.07.16"]
[Round "7.41"]
[White "Singh, Amninder"]
[Black "Ratte, Daniel"]
[Result "1-0"]
[WhiteElo "1463"]
[BlackElo "1212"]
[PlyCount "73"]
[EventDate "2019.07.12"]
[EventType "swiss"]
[EventRounds "9"]
[EventCountry "CAN"]

1. d4 Nf6 2. g3 g6 3. Bg2 Bg7 4. e4 d6 5. Ne2 O-O 6. h3 e5 7. c3 b6 8. O-O Bd7
9. Be3 Qc8 10. Kh2 Nc6 11. Qd2 Rb8 12. Bh6 Ne7 13. Bxg7 Kxg7 14. Qg5 Qd8 15.
dxe5 dxe5 16. Qxe5 Nc6 17. Qf4 Re8 18. Nd4 Nh5 19. Qe3 Nf6 20. Nd2 Nxd4 21.
cxd4 Bc6 22. Rac1 Bb7 23. Rfe1 Qd7 24. Qc3 Rbc8 25. Re3 Red8 26. Nb3 a5 27. d5
c6 28. e5 Kg8 29. exf6 cxd5 30. Qd4 Rxc1 31. Nxc1 Rc8 32. Re7 Qd6 33. Rxb7 Rxc1
34. Qxd5 Qxd5 35. Rb8+ Rc8 36. Rxc8+ Qd8 37. Rxd8# 1-0